[Event "Titled Tue 24th Jun Early"]
[Site "chess.com INT"]
[Date "2025.06.24"]
[Round "5"]
[White "Kramnik, Vladimir"]
[Black "Asish Panda"]
[Result "1-0"]
[WhiteTitle "GM"]
[WhiteElo "2753"]
[BlackElo "1911"]
[WhiteFideId "4101588"]
[BlackFideId "45012458"]
[EventDate "2025.06.24"]

1. Nf3 d5 2. g3 Nf6 3. Bg2 e6 4. O-O Be7 5. c4 O-O 6. b3 c5 7. cxd5 Nxd5 8. Bb2
Nc6 9. d4 cxd4 10. Nxd4 Nxd4 11. Qxd4 Bf6 12. Qd2 Nb6 13. Bxf6 Qxf6 14. Nc3 Rd8
15. Qe3 Nd5 16. Nxd5 exd5 17. Rac1 d4 18. Qd2 Qe7 19. Rc4 Bg4 20. Rxd4 Rxd4 21.
Qxd4 Qxe2 22. Bxb7 Re8 23. Bg2 a6 24. h3 Be6 25. Qa4 Rd8 26. Qa5 Rd2 27. a4 h6
28. Qb6 Rb2 29. b4 Qd2 30. Qxa6 Qxb4 31. a5 g6 32. Qa8+ Kg7 33. a6 Ra2 34. Qa7
Qa4 35. Bb7 Qa5 36. Qd4+ Kh7 37. Kg2 h5 38. h4 Qa3 39. Re1 Qa5 40. Rxe6 fxe6 41.
Qd7+ Kh8 42. Qxe6 Kg7 43. Qe7+ Kh8 44. Qf6+ Kh7 45. Be4 Qxa6 46. Bxg6+ Kh6 47.
Qg5+ Kg7 48. Bd3+ 1-0

[Event "Titled Tue 24th Jun Early"]
[Site "chess.com INT"]
[Date "2025.06.24"]
[Round "5"]
[White "Bagdasarov, Vitalij A."]
[Black "Klys, Kacper"]
[Result "0-1"]
[WhiteTitle "FM"]
[BlackTitle "CM"]
[WhiteElo "2136"]
[BlackElo "2218"]
[WhiteFideId "4129814"]
[BlackFideId "21005281"]
[EventDate "2025.06.24"]

1. d4 Nf6 2. Nf3 b6 3. Bg5 Bb7 4. Nbd2 d5 5. Ne5 h6 6. Bh4 Nbd7 7. f4 e6 8. e3
Be7 9. Bb5 O-O 10. O-O a6 11. Bd3 Ne4 12. Bxe7 Qxe7 13. Nxd7 Nxd2 14. Ne5 Nxf1
15. Qxf1 c5 16. c3 Rad8 17. Bxa6 Ra8 18. Bd3 Qd6 19. Qe2 f6 20. Ng6 Rfe8 21. a3
Qd7 22. Rf1 Qf7 23. Qg4 Bc8 24. Qg3 Rd8 25. Be2 Bd7 26. Bh5 Be8 27. f5 Qd7 28.
Nf4 exf5 29. Bf3 Bf7 30. Ng6 Re8 31. Re1 Kh7 32. Nf4 g5 33. Nd3 c4 34. Nb4 Re7
35. h4 Rae8 36. Qf2 f4 37. Nc2 fxe3 38. Rxe3 Rxe3 39. Nxe3 Be6 40. Nc2 Qf7 41.
g4 Qg6 42. h5 Qd3 43. Qe2 Qxe2 44. Bxe2 Bd7 45. Kf2 Ba4 46. Ne3 Bc6 47. Bf3 Rd8
48. Nf5 Bd7 49. Ne3 Be6 50. Bg2 Kg7 51. Bf1 Kf7 52. Bg2 Ke7 53. Bh3 Kd6 54. Bg2
Ra8 55. Bf3 Ra5 56. Be2 Rb5 57. Nd1 f5 58. Kg3 f4+ 59. Kf3 Bg8 60. Kf2 Bh7 61.
Bf3 Bc2 62. Ke2 Bxd1+ 63. Kxd1 Rxb2 64. Be2 Rb3 65. Kc2 Rxa3 66. Kb2 Rb3+ 67.
Kc2 Rb5 68. Bd1 Ra5 69. Bf3 Ra2+ 70. Kb1 Rf2 0-1

[Event "Titled Tue 24th Jun Early"]
[Site "chess.com INT"]
[Date "2025.06.24"]
[Round "5"]
[White "Dragnev, Valentin"]
[Black "Gibala, Adam"]
[Result "1-0"]
[WhiteTitle "GM"]
[BlackTitle "CM"]
[WhiteElo "2547"]
[BlackElo "2245"]
[WhiteFideId "1634852"]
[BlackFideId "21070288"]
[EventDate "2025.06.24"]

1. e4 c6 2. Nc3 d5 3. Nf3 dxe4 4. Nxe4 Nd7 5. d4 Ndf6 6. Nc3 Bg4 7. h3 Bxf3 8.
Qxf3 e6 9. Bd3 Ne7 10. O-O Ned5 11. Ne2 Nb4 12. Rd1 Nxd3 13. Rxd3 Be7 14. c4 O-O
15. Bf4 Bd6 16. Be5 Be7 17. Rad1 Nd7 18. Bh2 Qb6 19. b3 a5 20. Nf4 a4 21. Nh5 g6
22. d5 cxd5 23. cxd5 exd5 24. Rxd5 Nc5 25. Bd6 Bxd6 26. Rxd6 Qc7 27. Qf6 Ne6 28.
Rd7 Qc2 29. R7d2 Qc5 30. Rd5 Qc2 31. Ng3 Qxa2 32. bxa4 Qb3 33. Qe5 Qxa4 34. Ne4
Qa2 35. Nf6+ Kh8 36. Nd7+ Ng7 37. Nxf8 Rxf8 38. Rd8 Qa3 39. Rxf8+ Qxf8 40. Qc7
Ne6 41. Qxb7 Kg7 42. Qb2+ Kh6 43. Qf6 Qe8 44. h4 1-0

[Event "Titled Tue 24th Jun Early"]
[Site "chess.com INT"]
[Date "2025.06.24"]
[Round "5"]
[White "Sovetbekova, Nurai"]
[Black "Aaradhya Das"]
[Result "0-1"]
[WhiteTitle "WFM"]
[BlackTitle "WCM"]
[WhiteElo "2007"]
[BlackElo "1786"]
[WhiteFideId "13801910"]
[BlackFideId "33361436"]
[EventDate "2025.06.24"]

1. d4 d5 2. Bf4 Nf6 3. e3 Bf5 4. Nf3 e6 5. Bd3 Bxd3 6. Qxd3 Be7 7. O-O O-O 8. c4
Ne4 9. Nc3 Nxc3 10. Qxc3 c6 11. Qb3 b6 12. Rac1 Bd6 13. Bxd6 Qxd6 14. cxd5 cxd5
15. Ne5 f6 16. Nd3 Nd7 17. Qa4 Rfc8 18. Rxc8+ Rxc8 19. Qxa7 Qc6 20. Qa3 e5 21.
g3 e4 22. Rc1 Qb7 23. Rxc8+ Qxc8 24. Nf4 Nf8 25. Nxd5 Qc1+ 26. Kg2 Qd1 27. Nc3
Qf3+ 28. Kg1 h5 29. Qb3+ Kh7 30. Qd1 Qf5 31. Qc2 Qg6 32. Qxe4 f5 33. Qe7 Ne6 34.
Nd5 Ng5 35. Nf4 Nf3+ 36. Kg2 Qg4 37. Nd3 Nd2 38. Ne5 Qe2 39. Kh3 Qf1+ 40. Kh4
Qxf2 41. Qg5 Qxh2# 0-1

[Event "Titled Tue 24th Jun Early"]
[Site "chess.com INT"]
[Date "2025.06.24"]
[Round "5"]
[White "Kosteniuk, Alexandra"]
[Black "Nguyen, Ngoc Truong Son"]
[Result "1/2-1/2"]
[WhiteTitle "GM"]
[BlackTitle "GM"]
[WhiteElo "2474"]
[BlackElo "2600"]
[WhiteFideId "4128125"]
[BlackFideId "12401110"]
[EventDate "2025.06.24"]

1. e4 e5 2. Nf3 Nc6 3. d4 exd4 4. Nxd4 Nf6 5. Nxc6 bxc6 6. Bd3 d5 7. exd5 cxd5
8. O-O Be7 9. c4 O-O 10. cxd5 Nxd5 11. Qf3 Bd6 12. Nc3 c6 13. Nxd5 cxd5 14. Rd1
Be6 15. Be3 h6 16. h3 Be5 17. Rab1 Qf6 18. Qxf6 Bxf6 19. Bc5 Rfc8 20. Rdc1 a5
21. b3 g5 22. Bb6 Bc3 23. Rc2 d4 24. Rbc1 Rcb8 25. Bc7 Re8 26. f4 a4 27. bxa4
Rec8 28. Be5 Rxa4 29. fxg5 hxg5 30. Bf6 Rxa2 31. Bxg5 Rxc2 32. Rxc2 Kg7 33. Rf2
Be1 34. Bf6+ Kf8 35. Rf4 Bg3 36. Rxd4 Rc1+ 37. Bf1 Kg8 38. Rd8+ Kh7 39. Rh8+ Kg6
40. Rg8+ Kxf6 41. Rxg3 Ke5 42. Kf2 f5 43. h4 f4 44. Rg6 Rc2+ 45. Kg1 Rc1 46. Kf2
Rc2+ 47. Kg1 Rc1 48. Kf2 1/2-1/2

[Event "Titled Tue 24th Jun Early"]
[Site "chess.com INT"]
[Date "2025.06.24"]
[Round "5"]
[White "Ismagilov, Damir"]
[Black "Tari, Aryan"]
[Result "1-0"]
[WhiteTitle "CM"]
[BlackTitle "GM"]
[WhiteElo "2173"]
[BlackElo "2636"]
[WhiteFideId "34199982"]
[BlackFideId "1510045"]
[EventDate "2025.06.24"]

1. d4 d5 2. c4 e6 3. Nc3 c5 4. cxd5 cxd4 5. Qa4+ Bd7 6. Qxd4 exd5 7. Qxd5 Nf6 8.
Qb3 Na6 9. Nf3 Nc5 10. Qc2 Rc8 11. e3 Nce4 12. Bd3 Nxc3 13. bxc3 Nd5 14. O-O
Nxc3 15. Bb2 Na4 16. Qe2 Nxb2 17. Qxb2 Qb6 18. Qe5+ Qe6 19. Rab1 b6 20. Rfc1
Rxc1+ 21. Rxc1 Qxe5 22. Nxe5 Bc5 23. Bc4 Be6 24. Bxe6 fxe6 25. Nd3 Kf7 26. Nxc5
bxc5 27. Rxc5 Rb8 28. g3 Kf6 29. Rc7 a5 30. Ra7 Rb5 31. Kg2 h5 32. h3 Rc5 33.
Kf3 g6 34. g4 hxg4+ 35. hxg4 Rb5 36. Kg3 Rc5 37. f4 g5 38. Kf3 Rb5 39. Ra6 Rc5
40. f5 Rc2 41. Rxe6+ Kf7 42. a4 Rc4 43. Re4 Rc1 44. Re5 Rf1+ 45. Kg2 Rb1 46.
Rxa5 Kf6 47. Rb5 Re1 48. Kf2 Ra1 49. a5 Ra2+ 50. Kf3 Ra1 51. Rb6+ Kf7 52. a6
Rf1+ 53. Kg2 Ra1 54. e4 Re1 55. Kf3 Rf1+ 56. Ke3 Rb1 1-0

[Event "Titled Tue 24th Jun Early"]
[Site "chess.com INT"]
[Date "2025.06.24"]
[Round "5"]
[White "Ratkovic, Miloje"]
[Black "Samsonkin, Artiom"]
[Result "0-1"]
[WhiteTitle "GM"]
[BlackTitle "IM"]
[WhiteElo "2489"]
[BlackElo "2361"]
[WhiteFideId "914517"]
[BlackFideId "13503111"]
[EventDate "2025.06.24"]

1. e4 e6 2. d4 d5 3. Nc3 Nf6 4. e5 Nfd7 5. f4 c5 6. Nf3 Nc6 7. Be3 cxd4 8. Nxd4
Qb6 9. Ncb5 Bc5 10. a3 Nxd4 11. Bxd4 Bxd4 12. Qxd4 Qxd4 13. Nxd4 Ke7 14. O-O-O
f6 15. exf6+ gxf6 16. Bd3 Nc5 17. Rhe1 a6 18. b4 Nxd3+ 19. Rxd3 Kd6 20. Rde3 Re8
21. Rh3 Re7 22. Rh6 Rf7 23. g4 Bd7 24. g5 Rg8 25. gxf6 Rg6 26. Rxg6 hxg6 27. Kd2
Rxf6 28. Ke3 Rf8 29. Nf3 Rc8 30. Kd2 Rc4 31. Ne5 Rxf4 32. Nxg6 Rg4 33. Ne5 Rg2+
34. Kd3 Bb5+ 35. Kc3 Rxh2 36. Re3 Rf2 37. Nf3 Ba4 38. Nd2 e5 39. Rd3 d4+ 40. Kb2
Kd5 41. c4+ Ke6 42. Kc1 Re2 43. c5 Bb5 44. Rh3 Kd5 45. Rh4 d3 46. Rg4 Re1+ 47.
Kb2 Re2 48. Kc3 Re1 49. Kb2 Rd1 0-1

[Event "Titled Tue 24th Jun Early"]
[Site "chess.com INT"]
[Date "2025.06.24"]
[Round "5"]
[White "Gong, Qianyun"]
[Black "Carlsen, Magnus"]
[Result "0-1"]
[WhiteTitle "WGM"]
[BlackTitle "GM"]
[WhiteElo "2228"]
[BlackElo "2837"]
[WhiteFideId "8602425"]
[BlackFideId "1503014"]
[EventDate "2025.06.24"]

1. e4 g6 2. d4 d6 3. Nc3 Bg7 4. Be2 a6 5. h4 h6 6. h5 g5 7. f4 gxf4 8. Bxf4 Nc6
9. Nf3 Bg4 10. Be3 Nf6 11. d5 Na7 12. Nd4 Bd7 13. a4 c5 14. Nf5 Bxf5 15. exf5
Nc8 16. Bf3 Nb6 17. Qe2 Nbd7 18. Bf4 Kf8 19. O-O Nh7 20. Kh1 Ng5 21. Rad1 Be5
22. Bc1 Nf6 23. Ne4 Ngxe4 24. Bxe4 Qd7 25. b3 b5 26. axb5 axb5 27. c4 bxc4 28.
bxc4 Ra1 29. Bd3 Qa4 30. Be3 Ra2 31. Qf3 Ra3 32. Rfe1 Kg7 33. Bf1 Kh7 34. Rd3
Qxc4 35. Rxa3 Qh4+ 36. Qh3 Qxe1 37. Qf3 Rg8 38. Bg1 Rg4 39. Qe2 Rh4+ 40. Rh3
Rxh3+ 41. gxh3 Qxe2 42. Bxe2 Nxd5 43. Bc4 e6 44. fxe6 fxe6 45. Bd3+ Kg7 46. Be4
Nf4 47. h4 Nxh5 0-1

[Event "Titled Tue 24th Jun Early"]
[Site "chess.com INT"]
[Date "2025.06.24"]
[Round "5"]
[White "Sargissyan, Sargis"]
[Black "Zmijanac, Dusko"]
[Result "0-1"]
[WhiteTitle "FM"]
[BlackTitle "FM"]
[WhiteElo "2206"]
[BlackElo "2007"]
[WhiteFideId "13303210"]
[BlackFideId "908762"]
[EventDate "2025.06.24"]

1. e4 Nf6 2. e5 Nd5 3. g3 d6 4. exd6 cxd6 5. Bg2 Nf6 6. d4 Nc6 7. Ne2 Bf5 8. O-O
e6 9. c4 d5 10. Nbc3 dxc4 11. d5 exd5 12. Nf4 d4 13. Re1+ Be7 14. Ncd5 O-O 15.
Nxe7+ Nxe7 16. Bxb7 Rb8 17. Bg2 h6 18. Nh5 Ng6 19. Qf3 Nxh5 20. Qxf5 Nf6 21. h4
d3 22. h5 Ne7 23. Qf4 Ned5 24. Qxc4 Nb6 25. Qc3 Nxh5 26. Rd1 Qf6 27. Qxf6 Nxf6
28. Rxd3 Nc4 29. b3 Ne5 30. Rd1 Rbd8 31. Bf4 Nd3 32. Be3 a5 33. Bf1 Nb4 34. Bb6
Rxd1 35. Rxd1 Nxa2 36. Bxa5 Rb8 37. Ra1 Nb4 38. Bc4 Nc6 39. Bc3 Ne4 40. Be1 Nd4
41. Rb1 Nf3+ 42. Kg2 Nfd2 43. Bxd2 Nxd2 44. Rc1 Rb4 45. Rc3 Ne4 46. Re3 Nc5 47.
Re8+ Kh7 48. Bxf7 Nxb3 49. Bg8+ Kg6 50. Re6+ Kf5 51. Re3 Nc5 52. Rf3+ Ke5 53.
Rc3 Rb5 54. Re3+ Kf6 55. f4 Ra5 56. Kh3 g5 57. fxg5+ hxg5 58. Bh7 Ra4 59. Rf3+
Kg7 0-1

[Event "Titled Tue 24th Jun Early"]
[Site "chess.com INT"]
[Date "2025.06.24"]
[Round "5"]
[White "Teterev, Vitaly"]
[Black "Povshednyi, Ivan"]
[Result "1-0"]
[WhiteTitle "GM"]
[BlackTitle "FM"]
[WhiteElo "2248"]
[BlackElo "2309"]
[WhiteFideId "13501429"]
[BlackFideId "14190907"]
[EventDate "2025.06.24"]

1. e4 c5 2. Nf3 Nc6 3. Bb5 Qb6 4. Nc3 e6 5. O-O Nge7 6. Re1 a6 7. Bf1 Ng6 8. b3
Be7 9. Bb2 O-O 10. d4 cxd4 11. Na4 Qc7 12. Nxd4 b5 13. Nc3 Nxd4 14. Qxd4 Bf6 15.
Qd2 Bb7 16. Nd1 Bxb2 17. Nxb2 f5 18. exf5 Rxf5 19. c4 Raf8 20. Nd3 bxc4 21. bxc4
Nh4 22. Re3 Bc6 23. Rae1 Qa7 24. Rg3 Ng6 25. Qe3 Qxe3 26. Rgxe3 Nf4 27. Ne5 Ba8
28. g3 Ng6 29. Nxd7 Rd8 30. Nb6 Bf3 31. Rxe6 Nf8 32. Re8 Rxe8 33. Rxe8 Ra5 34.
a4 Kf7 35. Rc8 Re5 36. Rxf8+ Ke7 37. Rxf3 Kd8 38. Nd5 Rh5 39. Re3 Rh6 40. h4 Rc6
41. Re5 Rc5 42. Re6 Ra5 43. Rd6+ Ke8 44. Nc7+ Ke7 45. Rxa6 Rc5 46. Nd5+ Kf7 47.
Kg2 Rc8 48. Ra7+ Ke6 49. a5 Rb8 50. a6 Ke5 51. Rb7 Ra8 52. a7 Kd6 53. Nb6 Re8
54. Rb8 Re1 55. a8=Q Kc5 56. Qd5+ Kb4 57. Nd7+ Kc3 58. c5 Kc2 59. Qd3+ Kc1 60.
Rb1# 1-0

[Event "Titled Tue 24th Jun Early"]
[Site "chess.com INT"]
[Date "2025.06.24"]
[Round "5"]
[White "Asensio Ramos, Enrique Fernando"]
[Black "Lesueur, Gabriel"]
[Result "1-0"]
[WhiteTitle "CM"]
[BlackTitle "FM"]
[WhiteElo "2200"]
[BlackElo "2278"]
[WhiteFideId "2214172"]
[BlackFideId "45186359"]
[EventDate "2025.06.24"]

1. d4 Nf6 2. Nc3 e6 3. Bf4 d5 4. Nb5 Na6 5. e3 Be7 6. h4 c6 7. Nc3 Qb6 8. a3 O-O
9. b4 Nxb4 10. axb4 Bxb4 11. Ne2 Ne4 12. Qd3 Bxc3+ 13. Nxc3 Qb2 14. Rb1 Qxc3+
15. Qxc3 Nxc3 16. Rb3 Na4 17. c4 dxc4 18. Bxc4 Nb6 19. Be2 f6 20. O-O Re8 21.
Ra1 Bd7 22. Bc7 Rec8 23. Bxb6 axb6 24. Rxa8 Rxa8 25. Rxb6 Bc8 26. Bf3 Kf7 27. g4
Ke7 28. g5 Kd6 29. gxf6 gxf6 30. Be4 h6 31. Bf3 Kc7 32. Rb2 Bd7 33. Rc2 Ra4 34.
h5 b6 35. Rc1 Kd6 36. Rd1 Rb4 37. Kg2 Rb2 38. Kg3 Kc7 39. Kf4 c5 40. dxc5 bxc5
41. Rc1 Kd6 42. Kg3 Bc6 43. Rd1+ Kc7 44. Bg4 Bd5 45. Ra1 Kd6 46. Ra6+ Ke5 47.
f4+ Ke4 48. Ra3 1-0

[Event "Titled Tue 24th Jun Early"]
[Site "chess.com INT"]
[Date "2025.06.24"]
[Round "5"]
[White "Nakonechnyi, Oleksii"]
[Black "Boruchovsky, Avital"]
[Result "1-0"]
[WhiteTitle "CM"]
[BlackTitle "GM"]
[WhiteElo "2222"]
[BlackElo "2513"]
[WhiteFideId "34173714"]
[BlackFideId "2800055"]
[EventDate "2025.06.24"]

1. e4 e6 2. d4 d5 3. Nd2 Nf6 4. Bd3 c5 5. dxc5 Bxc5 6. Qe2 Nc6 7. Ngf3 Nb4 8.
O-O Nxd3 9. Qxd3 O-O 10. Qe2 b6 11. c3 a5 12. Rd1 Ba6 13. c4 dxc4 14. Nb1 c3 15.
Qc2 cxb2 16. Bxb2 Qe7 17. Nc3 Ng4 18. Rd2 Rfd8 19. Rad1 Rxd2 20. Rxd2 Rd8 21.
Nd1 h6 22. h3 Nf6 23. Nc3 Rxd2 24. Qxd2 Qd7 25. Qe1 Bb7 26. Qe2 a4 27. Nd2 a3
28. Ba1 Bb4 29. Qe3 Bc5 30. Qe2 e5 31. Nb3 Bb4 32. Qe3 Bxc3 33. Bxc3 Nxe4 34.
Bxe5 Qd5 35. Bf4 Nd2 36. Qg3 Nxb3 37. axb3 a2 38. Be5 g6 39. Bc3 Qd1+ 40. Kh2
a1=Q 41. Bxa1 Qxa1 42. Qb8+ Kg7 43. Qxb7 Qe5+ 44. g3 Qb2 45. Qxb6 h5 46. b4 Qc2
47. h4 Qe4 48. Qc5 Qb7 49. b5 Qe7 50. Qxe7 1-0

[Event "Titled Tue 24th Jun Early"]
[Site "chess.com INT"]
[Date "2025.06.24"]
[Round "5"]
[White "Salinas Herrera, Pablo"]
[Black "De Boer, Eelke"]
[Result "1-0"]
[WhiteTitle "GM"]
[BlackTitle "IM"]
[WhiteElo "2447"]
[BlackElo "2409"]
[WhiteFideId "3407128"]
[BlackFideId "1048120"]
[EventDate "2025.06.24"]

1. e4 d5 2. exd5 Qxd5 3. Nc3 Qa5 4. g3 Nf6 5. Bg2 e5 6. Nge2 Nc6 7. O-O Bd6 8.
a3 Ne7 9. d4 c6 10. Bg5 exd4 11. Bxf6 gxf6 12. Nxd4 Qc7 13. Re1 Bd7 14. Ndb5
cxb5 15. Nd5 Qb8 16. Nxf6+ Kd8 17. Qd4 Nf5 18. Qd3 Be6 19. Rad1 Kc7 20. Be4 Rd8
21. Bxf5 Bc4 22. Qc3 Kb6 23. b3 Be6 24. Bxe6 fxe6 25. Rxe6 a5 26. Rdxd6+ Rxd6
27. Nd7+ Ka7 28. Qxa5+ Ra6 29. Rxa6+ bxa6 30. Nxb8 Rxb8 31. Qc7+ Rb7 32. Qc5+
Kb8 33. Qf8+ Ka7 34. Qc5+ Kb8 35. h4 Rc7 36. Qb6+ Rb7 37. Qxa6 b4 38. axb4 h5
39. Qa5 Ra7 40. Qxh5 Ka8 41. Kg2 Rb7 42. Qe8+ Ka7 43. Qe3+ Kb8 44. c3 Rc7 45. h5
Kb7 46. h6 Kb8 47. g4 Kb7 48. f4 Rd7 49. g5 Rc7 50. f5 Rd7 51. f6 Rc7 52. g6 Rd7
53. f7 Rc7 54. f8=Q Rd7 55. Qe4+ Ka7 56. Qc5+ Kb8 57. Qb6+ Kc8 58. Qe8+ Rd8 59.
Qexd8# 1-0

[Event "Titled Tue 24th Jun Early"]
[Site "chess.com INT"]
[Date "2025.06.24"]
[Round "5"]
[White "Guliev, Gasan"]
[Black "Marin Ferragut, Pau"]
[Result "1-0"]
[WhiteTitle "CM"]
[BlackTitle "FM"]
[WhiteElo "2123"]
[BlackElo "2380"]
[WhiteFideId "34165638"]
[BlackFideId "54716020"]
[EventDate "2025.06.24"]

1. e4 g6 2. d4 Bg7 3. Be3 d6 4. Qd2 Nd7 5. f3 a6 6. Nc3 b5 7. O-O-O Bb7 8. h4 h5
9. Nh3 Rc8 10. d5 c5 11. dxc6 Bxc6 12. Bd4 Ngf6 13. Ng5 b4 14. Ne2 a5 15. Kb1
Qc7 16. Nf4 e5 17. Be3 exf4 18. Bxf4 Bf8 19. Bc4 Ne5 20. Bxe5 dxe5 21. Bxf7+ Ke7
22. Bxg6 Bh6 23. Qf2 Be8 24. Bf5 Rb8 25. g4 Qb6 26. Qg3 Qb5 27. Ne6 Be3 28. g5
Nd7 29. Nc7 Bf4 30. Qg2 Qc6 31. Nd5+ Kf8 32. g6 Kg7 33. Nxf4 exf4 34. Qg5 Nf6
35. e5 Ng8 36. Be4 Qe6 37. Rd6 Qe7 38. Qxf4 Nh6 39. Qf6+ Qxf6 40. exf6+ Kg8 41.
Bd5+ Bf7 42. gxf7+ Nxf7 43. Rd7 Rh7 44. Rg1+ Kf8 45. b3 Re8 46. Kb2 Ng5 47. Rxh7
Nxh7 48. Rg8# 1-0

[Event "Titled Tue 24th Jun Early"]
[Site "chess.com INT"]
[Date "2025.06.24"]
[Round "5"]
[White "Huseynova, Lala"]
[Black "Brown, Akeem"]
[Result "1/2-1/2"]
[WhiteTitle "WFM"]
[BlackTitle "CM"]
[WhiteElo "2045"]
[BlackElo "2055"]
[WhiteFideId "13431781"]
[BlackFideId "7402023"]
[EventDate "2025.06.24"]

1. e4 e5 2. Nf3 Nf6 3. Nc3 Bb4 4. d3 O-O 5. Bd2 Nc6 6. Be2 d5 7. exd5 Nxd5 8.
Nxd5 Bxd2+ 9. Nxd2 Qxd5 10. Bf3 Qd8 11. O-O Nd4 12. Be2 Be6 13. Nb3 Nxe2+ 14.
Qxe2 Re8 15. Nd2 Bd5 16. Rfe1 Qg5 17. Ne4 Qg6 18. f3 f5 19. Nc3 Bc6 20. Rad1
Rad8 21. Qf2 b6 22. Qg3 Qxg3 23. hxg3 Kf7 24. Kf2 Kf6 25. Re2 b5 26. f4 e4 27.
dxe4 fxe4 28. Rxd8 Rxd8 29. Nxe4+ Bxe4 30. Rxe4 Rd2+ 31. Re2 Rd1 32. a3 Rb1 33.
c3 Rd1 34. Kf3 c6 35. Ke4 h5 36. Kf3 g6 37. g4 Rf1+ 38. Kg3 h4+ 39. Kxh4 Rxf4
40. Kg3 Rc4 41. Re3 a5 42. b4 a4 43. Kf3 g5 44. g3 c5 45. Rd3 Ke5 46. Re3+ Kd5
47. Rd3+ Kc6 48. Re3 Kd5 49. Rd3+ Ke5 50. Re3+ Kf6 51. Rd3 Ke5 1/2-1/2

[Event "Titled Tue 24th Jun Early"]
[Site "chess.com INT"]
[Date "2025.06.24"]
[Round "5"]
[White "Fedotov, Nikita2"]
[Black "Andreev, Konstantin"]
[Result "1-0"]
[WhiteTitle "FM"]
[BlackTitle "FM"]
[WhiteElo "2278"]
[BlackElo "2208"]
[WhiteFideId "24161446"]
[BlackFideId "24239305"]
[EventDate "2025.06.24"]

1. Nf3 Nf6 2. c4 e6 3. g3 d5 4. Bg2 dxc4 5. Qa4+ Nbd7 6. Qxc4 a6 7. Qc2 b5 8.
Nd4 Nd5 9. Nc6 Qf6 10. Nc3 Nxc3 11. bxc3 Bb7 12. O-O Bd6 13. Bb2 O-O 14. Ne7+
Qxe7 15. Bxb7 Ra7 16. Bg2 c5 17. a4 Ne5 18. d3 Rb8 19. axb5 axb5 20. Rxa7 Qxa7
21. Ra1 Qc7 22. Ra6 h6 23. h3 Rb6 24. Ra8+ Rb8 25. Ra6 Rb6 26. Ra1 b4 27. c4 Nc6
28. Ra8+ Rb8 29. Qa4 Rxa8 30. Qxa8+ Nb8 31. Be4 Kf8 32. f4 f6 33. Kg2 Ke7 34. e3
g5 35. Qa1 e5 36. Bd5 Nd7 37. Qa8 Qb8 38. Qa6 Nb6 39. Be4 Qc7 40. Qa1 gxf4 41.
exf4 Ke6 42. Qd1 f5 43. Bf3 Qg7 44. Qe2 Nd7 45. Bd5+ Kf6 46. Qh5 Ke7 47. Qxf5
Nf6 48. Qe6+ Kd8 49. Qxd6+ Kc8 50. Bxe5 1-0

[Event "Titled Tue 24th Jun Early"]
[Site "chess.com INT"]
[Date "2025.06.24"]
[Round "5"]
[White "Chen, Ryo"]
[Black "Manukian, Artak"]
[Result "1-0"]
[WhiteTitle "IM"]
[WhiteElo "2395"]
[BlackElo "2104"]
[WhiteFideId "7003072"]
[BlackFideId "13301373"]
[EventDate "2025.06.24"]

1. e4 c6 2. Nf3 d5 3. d3 dxe4 4. dxe4 Qxd1+ 5. Kxd1 g6 6. Ne1 Bg7 7. f3 Nf6 8.
c3 O-O 9. Be3 a5 10. a4 Be6 11. Nd2 Nbd7 12. Bc4 Bxc4 13. Nxc4 Rfd8 14. Kc2 Ne8
15. Nd3 Nd6 16. Nxd6 exd6 17. Rhd1 Bf8 18. Rd2 Re8 19. Rad1 f5 20. Nf2 Nf6 21.
Bd4 Kf7 22. g4 fxe4 23. fxe4 Nxe4 24. Nxe4 Rxe4 25. h3 Be7 26. Rf2+ Kg8 27. Rdf1
Rf8 28. Rxf8+ Bxf8 29. Kd3 d5 30. b3 Bg7 31. Bb6 h5 32. gxh5 gxh5 33. Bxa5 Bh6
34. Rf3 b5 35. axb5 cxb5 36. Bb6 Rf4 37. Rxf4 Bxf4 38. Kd4 Bd2 39. Kxd5 Bxc3 40.
Kc5 b4 41. Ba5 Kf7 42. Bxb4 Be5 43. Kc6 Kf6 44. Be1 Kf5 45. b4 Ke4 46. b5 Kf3
47. b6 Ke2 48. Bb4 Kf3 49. h4 Kg4 50. Bd6 Bd4 51. b7 Ba7 52. Kb5 Kxh4 53. Ka6 1-0

[Event "Titled Tue 24th Jun Early"]
[Site "chess.com INT"]
[Date "2025.06.24"]
[Round "5"]
[White "Zaksaite, Salomeja"]
[Black "Garde, Guillaume"]
[Result "0-1"]
[WhiteTitle "WGM"]
[BlackTitle "CM"]
[WhiteElo "2133"]
[BlackElo "2211"]
[WhiteFideId "12801496"]
[BlackFideId "45138273"]
[EventDate "2025.06.24"]

1. e4 c6 2. d4 d5 3. exd5 cxd5 4. Bd3 Nc6 5. c3 Nf6 6. Bf4 Bg4 7. Qb3 Qd7 8. Nd2
a6 9. f3 Bh5 10. Ne2 e6 11. O-O Bg6 12. Bxg6 hxg6 13. a4 Bd6 14. a5 Bxf4 15.
Nxf4 Qc7 16. g3 Nxa5 17. Qa3 Nc6 18. Rae1 Qe7 19. Qb3 O-O 20. Re2 Qc7 21. Rfe1
Rfe8 22. Nd3 Nd7 23. Nf1 Qb6 24. Qc2 Na5 25. Kg2 Qb3 26. Qb1 Nc4 27. Nc1 Qb6 28.
b3 Nd6 29. Ne3 Rac8 30. Qd3 Nb5 31. Rc2 Nd6 32. Rce2 Nf5 33. Nxd5 Qc6 34. c4 b5
35. Nb4 bxc4 36. bxc4 Qxc4 37. Qxc4 Rxc4 38. Nxa6 Nxd4 39. Ra2 Rec8 40. Nd3 Rc2+
41. Rxc2 Rxc2+ 42. Nf2 Nf6 43. Nb4 Rd2 44. Nd3 Nc2 45. Ra1 Ne3+ 46. Kg1 Nf5 47.
Ne5 Re2 48. Ra8+ Kh7 49. Nxf7 g5 50. Nxg5+ Kg6 51. Nge4 Ne3 0-1

[Event "Titled Tue 24th Jun Early"]
[Site "chess.com INT"]
[Date "2025.06.24"]
[Round "5"]
[White "Matyassy, Lazar"]
[Black "Olhovik, Andrei"]
[Result "1-0"]
[WhiteTitle "FM"]
[BlackTitle "FM"]
[WhiteElo "2251"]
[BlackElo "2282"]
[WhiteFideId "17005167"]
[BlackFideId "13507397"]
[EventDate "2025.06.24"]

1. h3 d5 2. a3 e5 3. e3 Nf6 4. d4 Nbd7 5. c4 exd4 6. exd4 dxc4 7. Bxc4 Be7 8.
Nf3 O-O 9. O-O Nb6 10. Ba2 Bf5 11. Nc3 Ne4 12. Re1 Nxc3 13. bxc3 Bf6 14. Ne5 c6
15. a4 Nd5 16. Qf3 Be6 17. Ba3 Be7 18. Bxe7 Qxe7 19. c4 Nb4 20. d5 cxd5 21. cxd5
Nxa2 22. dxe6 fxe6 23. Qb3 Nb4 24. a5 Nd5 25. Nf3 Nf4 26. Re4 Qf6 27. Rae1 Qg6
28. Rxf4 Rxf4 29. Rxe6 Qf7 30. Ng5 Rxf2 31. Nxf7 Rxf7 32. Re7 Rf8 33. Rxb7 a6
34. Rxf7 Rxf7 35. Qb8+ Rf8 36. Qb6 Rf6 37. Qb8+ Kf7 38. Qb7+ Kg6 39. Kh2 h5 40.
Qe4+ Kh6 41. Qe3+ Kh7 42. h4 Kg6 43. Qc5 Rf5 44. Qc6+ Rf6 45. Qe4+ Kh6 46. Qe5
Kg6 47. Qg5+ Kf7 48. Qxh5+ Ke7 49. Qc5+ Kf7 50. h5 Kg8 51. g4 Kh7 52. Kh3 Re6
53. Kh4 Kh8 54. Qc8+ Kh7 55. Qxe6 1-0

[Event "Titled Tue 24th Jun Early"]
[Site "chess.com INT"]
[Date "2025.06.24"]
[Round "5"]
[White "Zlatin, Alexander"]
[Black "Brenke, Andreas"]
[Result "1-0"]
[WhiteTitle "FM"]
[BlackTitle "FM"]
[WhiteElo "2313"]
[BlackElo "2349"]
[WhiteFideId "2810549"]
[BlackFideId "4602900"]
[EventDate "2025.06.24"]

1. e4 c6 2. Nf3 d5 3. Nc3 dxe4 4. Nxe4 Nf6 5. Ng3 h5 6. h4 Bg4 7. Be2 Nbd7 8. d4
e6 9. Bg5 Qc7 10. c3 Bd6 11. Nf1 Ne4 12. Be3 O-O-O 13. Qa4 Kb8 14. O-O-O Bf4 15.
Rg1 Bxe3+ 16. fxe3 Nf2 17. Re1 Bf5 18. N1d2 b5 19. Qa3 Nb6 20. e4 Nxe4 21. Nxe4
Bxe4 22. Nd2 Bf5 23. Qc5 Rd5 24. Qa3 c5 25. Bf3 cxd4 26. Bxd5 Nxd5 27. Rgf1 dxc3
28. bxc3 Nxc3 29. Kb2 Na4+ 30. Ka1 Rd8 31. Rc1 Qd7 32. Nf3 Be4 33. Qb4 Ka8 34.
Ng5 Bg6 35. Ne4 Qd5 36. Nc3 Qc4 37. Qxc4 bxc4 38. Nxa4 Bd3 39. Rfd1 e5 40. Rxc4
e4 41. Rc3 Rb8 42. Nb2 Bb5 43. Rb3 a6 44. a4 Be2 45. Rxb8+ Kxb8 46. Re1 Bg4 47.
Rxe4 Kc7 48. Re7+ Kd6 49. Rxf7 g6 50. Rf6+ Kc5 51. Rxa6 Kb4 52. Rxg6 1-0